Historia del arte para principiantes /
Nuestro lugar en el mundo está determinado por cómo lo vemos, verlo como seres conscientes significa entender cómo las imágenes fueron construidas con sentidos determinados y en cada tiempo en particular. Al usar imágenes, las imágenes nos hacen a nosotros mismos, la ideología de cada cultura se sos...
Guardado en:
| Autor Principal: | |
|---|---|
| Otros Autores: | |
| Formato: | Libro |
| Publicado: |
Buenos Aires :
Era Naciente,
2001
|
| Series: | Para principiantes ;
69 |
| Materias: | |
| Etiquetas: |
Agregar Etiqueta
Sin Etiquetas, Sea el primero en etiquetar este registro!
|
| LEADER | 01550nam a22002415a 4500 | ||
|---|---|---|---|
| 001 | CEM.cems011193 | ||
| 008 | 130507s2001#############b####000#0#####d | ||
| 005 | 20260618172337.0 | ||
| 245 | 1 | 0 | |a Historia del arte para principiantes / |c Dani Cavallaro ; ilustrado por Carline Vago-Hughes. |
| 260 | |a Buenos Aires : |b Era Naciente, |c 2001 | ||
| 300 | |a 184 p. | ||
| 490 | 0 | |a Para principiantes ; |v 69 | |
| 504 | |a Glosario de movimientos, estilos y técnicas p.159. | ||
| 520 | |a Nuestro lugar en el mundo está determinado por cómo lo vemos, verlo como seres conscientes significa entender cómo las imágenes fueron construidas con sentidos determinados y en cada tiempo en particular. Al usar imágenes, las imágenes nos hacen a nosotros mismos, la ideología de cada cultura se sostiene por sus representaciones. El ojo es el yo de la cultura visual que nos rodea, no hay definición universal para arte, tampoco puede describírselo por medio de los materiales usados ni por lo obtenido con ellos. Este libro investiga esa actividad desde sus comienzos hasta hoy, presenta las obras de arte como documentos que registran aspectos de la vida cotidiana, acontecimientos históricos y situaciones imaginarias. | ||
| 020 | |a 9789879065907 | ||
| 100 | 1 | |a Cavallaro, Dani | |
| 700 | 1 | |a Vago Huges, Carline; il. | |
| 082 | 0 | 4 | |a 709 |
| 653 | |a Arte | ||
| 653 | |a Historia del arte | ||
| 653 | |a Biblioteca documentos ilustrados | ||
| 859 | |a CEMS |b BIB. CEMS - 11 de abril |h 709 |i C314 |p 22065.03 |t Ej.1 | ||
| 859 | |a CEMS |b BIB. CEMS - 11 de abril |h 709 |i C314 |p 30854.26 |t Ej.2 | ||
